<?xml version="1.0" encoding="UTF-8"?><?xml-stylesheet type="text/xsl" href="static/style.xsl"?><OAI-PMH xmlns="http://www.openarchives.org/OAI/2.0/" xmlns:xsi="http://www.w3.org/2001/XMLSchema-instance" xsi:schemaLocation="http://www.openarchives.org/OAI/2.0/ http://www.openarchives.org/OAI/2.0/OAI-PMH.xsd"><responseDate>2026-04-14T05:50:49Z</responseDate><request verb="GetRecord" identifier="oai:www.recercat.cat:11351/13350" metadataPrefix="marc">https://recercat.cat/oai/request</request><GetRecord><record><header><identifier>oai:recercat.cat:11351/13350</identifier><datestamp>2025-10-24T10:36:52Z</datestamp><setSpec>com_2072_378070</setSpec><setSpec>com_2072_378040</setSpec><setSpec>col_2072_378092</setSpec></header><metadata><record xmlns="http://www.loc.gov/MARC21/slim" xmlns:dcterms="http://purl.org/dc/terms/" xmlns:xsi="http://www.w3.org/2001/XMLSchema-instance" xmlns:doc="http://www.lyncode.com/xoai" xsi:schemaLocation="http://www.loc.gov/MARC21/slim http://www.loc.gov/standards/marcxml/schema/MARC21slim.xsd">
   <leader>00925njm 22002777a 4500</leader>
   <datafield ind2=" " ind1=" " tag="042">
      <subfield code="a">dc</subfield>
   </datafield>
   <datafield ind2=" " ind1=" " tag="720">
      <subfield code="a">cerpa, meghan</subfield>
      <subfield code="e">author</subfield>
   </datafield>
   <datafield ind2=" " ind1=" " tag="720">
      <subfield code="a">Zuckerman, Scott L.</subfield>
      <subfield code="e">author</subfield>
   </datafield>
   <datafield ind2=" " ind1=" " tag="720">
      <subfield code="a">Carreon, Leah</subfield>
      <subfield code="e">author</subfield>
   </datafield>
   <datafield ind2=" " ind1=" " tag="720">
      <subfield code="a">Cheung, Kenneth</subfield>
      <subfield code="e">author</subfield>
   </datafield>
   <datafield ind2=" " ind1=" " tag="720">
      <subfield code="a">Lenke, Lawrence</subfield>
      <subfield code="e">author</subfield>
   </datafield>
   <datafield ind2=" " ind1=" " tag="720">
      <subfield code="a">Kelly, Michael</subfield>
      <subfield code="e">author</subfield>
   </datafield>
   <datafield ind2=" " ind1=" " tag="720">
      <subfield code="a">Pellise, Ferran</subfield>
      <subfield code="e">author</subfield>
   </datafield>
   <datafield ind2=" " ind1=" " tag="260">
      <subfield code="c">2025-07-04T06:37:15Z</subfield>
   </datafield>
   <datafield ind2=" " ind1=" " tag="260">
      <subfield code="c">2025-07-04T06:37:15Z</subfield>
   </datafield>
   <datafield ind2=" " ind1=" " tag="260">
      <subfield code="c">2025-05</subfield>
   </datafield>
   <datafield ind2=" " ind1=" " tag="520">
      <subfield code="a">Non-neurologic complications; Postoperative complications;  Spinal deformity surgery</subfield>
   </datafield>
   <datafield ind2=" " ind1=" " tag="520">
      <subfield code="a">Complicaciones no neurológicas; Complicaciones postoperatorias; Cirugía de deformidad espinal</subfield>
   </datafield>
   <datafield ind2=" " ind1=" " tag="520">
      <subfield code="a">Complicacions no neurològiques; Complicacions postoperatòries; Cirurgia de deformitat espinal</subfield>
   </datafield>
   <datafield ind2=" " ind1=" " tag="520">
      <subfield code="a">Purpose&#xd;
The purpose of this study is to evaluate if AR offers improved 3D kyphosis restoration during PSF for hypokyphosis in moderate AIS (&lt; 70° coronal cobb), where the decision for AR is likely driven by sagittal concerns.&#xd;
Methods&#xd;
A multicenter pediatric spine registry was queried for hypokyphotic (&lt; 10°) Lenke 1–4 AIS patients aged &lt; 20 years with > 2-year surgical follow-up. Coronal curves were limited to &lt; 70°. A linear mixed model was created to predict 2-year 3D kyphosis by treatment and pre-op 3D kyphosis, while controlling for age, sex, thoracic coronal deformity and flexibility, osteotomy use, implant characteristics, surgery recency, and surgeon.&#xd;
Results&#xd;
1384 patients were included with 53 (3.8%) undergoing PSF + AR. Mean preop 3D kyphosis was similar between PSF and PSF + AR groups (− 3.7° vs. − 0.5°; p = 0.08). PSF-AR had similar 2-year 3D kyphosis (23.0° [95% CI 20.5–25.4°] vs. 23.3° [22.9–23.6°]) and correction (26.7° [23.3–29.9°] vs. 23.7° [23.3–24.2°]) compared to PSF. When controlling for covariates, the models demonstrated no difference between approach (p = 0.058) or interaction of approach and preop 3D kyphosis (p = 0.31). Post-hoc power analysis showed an adequate sample size to detect a difference of 5° between approaches. PSF + AR had longer surgical times (324 vs. 266 min, p &lt; 0.001) though no significant increase in overall complications (17% vs. 12.4%) compared to PSF alone.&#xd;
Conclusion&#xd;
In AIS patients with coronal curve &lt; 70° and 3D hypokyphosis of 10 to − 40°, treatment with PSF + AR did not improve 2-year sagittal correction more than PSF alone. Surgeon identity and surgery recency influenced post-operative kyphosis more than any other patient or surgical factor.</subfield>
   </datafield>
   <datafield ind2=" " ind1=" " tag="520">
      <subfield code="a">This study was funded by AO Spine through the AO Spine Knowledge Forum Deformity, the Scoliosis Research Society (SRS), and Norton Healthcare.</subfield>
   </datafield>
   <datafield ind1="8" ind2=" " tag="024">
      <subfield code="a">http://hdl.handle.net/11351/13350</subfield>
   </datafield>
   <datafield tag="653" ind2=" " ind1=" ">
      <subfield code="a">Sistema nerviós - Malalties</subfield>
   </datafield>
   <datafield tag="653" ind2=" " ind1=" ">
      <subfield code="a">Escoliosi - Cirurgia - Complicacions</subfield>
   </datafield>
   <datafield tag="653" ind2=" " ind1=" ">
      <subfield code="a">Adults</subfield>
   </datafield>
   <datafield tag="653" ind2=" " ind1=" ">
      <subfield code="a">DISEASES::Pathological Conditions, Signs and Symptoms::Pathologic Processes::Postoperative Complications</subfield>
   </datafield>
   <datafield tag="653" ind2=" " ind1=" ">
      <subfield code="a">DISEASES::Musculoskeletal Diseases::Bone Diseases::Spinal Diseases::Spinal Curvatures::Scoliosis</subfield>
   </datafield>
   <datafield tag="653" ind2=" " ind1=" ">
      <subfield code="a">Other subheadings::Other subheadings::Other subheadings::/surgery</subfield>
   </datafield>
   <datafield tag="653" ind2=" " ind1=" ">
      <subfield code="a">DISEASES::Nervous System Diseases</subfield>
   </datafield>
   <datafield tag="653" ind2=" " ind1=" ">
      <subfield code="a">NAMED GROUPS::Persons::Age Groups::Adult</subfield>
   </datafield>
   <datafield tag="653" ind2=" " ind1=" ">
      <subfield code="a">ENFERMEDADES::afecciones patológicas, signos y síntomas::procesos patológicos::complicaciones posoperatorias</subfield>
   </datafield>
   <datafield tag="653" ind2=" " ind1=" ">
      <subfield code="a">ENFERMEDADES::enfermedades musculoesqueléticas::enfermedades óseas::enfermedades de la columna vertebral::desviaciones de la columna vertebral::escoliosis</subfield>
   </datafield>
   <datafield tag="653" ind2=" " ind1=" ">
      <subfield code="a">Otros calificadores::Otros calificadores::Otros calificadores::/cirugía</subfield>
   </datafield>
   <datafield tag="653" ind2=" " ind1=" ">
      <subfield code="a">ENFERMEDADES::enfermedades del sistema nervioso</subfield>
   </datafield>
   <datafield tag="653" ind2=" " ind1=" ">
      <subfield code="a">DENOMINACIONES DE GRUPOS::personas::Grupos de Edad::adulto</subfield>
   </datafield>
   <datafield ind2="0" ind1="0" tag="245">
      <subfield code="a">Long-term follow-up of non‑neurologic and neurologic complications after complex adult spinal deformity surgery: results from the Scoli-RISK-1 study</subfield>
   </datafield>
</record></metadata></record></GetRecord></OAI-PMH>